[Event "U.S. Open"]
[Site "Hollywood, Fla."]
[Date "1985.08.14"]
[Round "10"]
[White "Sherzer, Alex"]
[Black "Moody, David"]
[Result "1-0"]
[WhiteElo "2231"]
[BlackElo "2015"]
[PlyCount "55"]
[EventDate "1985.08.04"]

1. e4 e5 2. Nf3 Nc6 3. Bc4 Bc5 4. c3 Nf6 5. d3 d6 6. h3 Na5 7. Bb5+ c6 8. Ba4
b5 9. Bc2 Nb7 10. O-O Be6 11. Re1 Qb6 12. d4 exd4 13. cxd4 Bb4 14. Nc3 h6 15.
d5 Bd7 16. dxc6 Bxc6 17. e5 dxe5 18. Nxe5 O-O 19. Ng4 Bxc3 20. bxc3 Qd8 21.
Qxd8 Raxd8 22. Nxf6+ gxf6 23. Bxh6 Rfe8 24. Be3 a6 25. Bd4 Kg7 26. g4 Rh8 27.
Re3 Rdg8 28. g5 1-0

[Event "U.S. Open"]
[Site "Hollywood, Fla."]
[Date "1985.08.15"]
[Round "1"]
[White "Shainswit, George"]
[Black "Moody, David"]
[Result "1-0"]
[WhiteElo "2204"]
[BlackElo "2015"]
[PlyCount "79"]
[EventDate "1985.08.04"]

1. e4 e5 2. Nf3 Nc6 3. Bb5 a6 4. Bxc6 dxc6 5. d4 exd4 6. Qxd4 Qxd4 7. Nxd4 g6
8. Bf4 Bd6 9. e5 Bf8 10. Nc3 Ne7 11. O-O-O Nd5 12. Nxd5 cxd5 13. e6 fxe6 14.
Bxc7 Bh6+ 15. f4 O-O 16. g3 Bd7 17. Rde1 Rac8 18. Bd6 Rfe8 19. h4 Rc4 20. Nf3
Rec8 21. Rh2 Bg7 22. Be5 Bf8 23. Kb1 h6 24. b3 R4c5 25. Bd4 R5c7 26. Kb2 Bg7
27. Ne5 Bxe5 28. Bxe5 Rc5 29. g4 Kh7 30. Bd4 R5c6 31. f5 h5 32. fxg6+ Kxg6 33.
gxh5+ Kxh5 34. Re5+ Kg6 35. Rg2+ Kf7 36. h5 Rg8 37. Rxg8 Kxg8 38. Rg5+ Kf8 39.
h6 e5 40. Bxe5 1-0

[Event "U.S. Open"]
[Site "Hollywood, Fla."]
[Date "1985.08.16"]
[Round "12"]
[White "Moody, David"]
[Black "Megibow, Gordon"]
[Result "1-0"]
[WhiteElo "2015"]
[BlackElo "1855"]
[PlyCount "75"]
[EventDate "1985.08.04"]

1. e4 c6 2. d4 d5 3. Nc3 dxe4 4. Nxe4 Nd7 5. Bc4 Ngf6 6. Ng3 c5 7. dxc5 Qa5+ 8.
Bd2 Qxc5 9. Qe2 Nb6 10. Bb3 Bg4 11. Nf3 Qc6 12. Bxf7+ Kxf7 13. Ne5+ Ke8 14.
Nxg4 Nxg4 15. Qxg4 Rd8 16. O-O-O Qc4 17. Qxc4 Nxc4 18. Bc3 Nd6 19. Rhe1 Kd7 20.
Nh5 Rg8 21. Nf4 g6 22. Ne6 Bh6+ 23. Kb1 Rc8 24. Bb4 b6 25. Rd4 Rc4 26. Rxc4
Nxc4 27. Nd4 Bg5 28. Rd1 Ke8 29. Nc6 Rf8 30. Rd8+ Kf7 31. Rxf8+ Kxf8 32. Nxa7
Ne5 33. Nc8 Ng4 34. Nxb6 Nxh2 35. a4 Ng4 36. a5 Ne5 37. a6 Nc6 38. Nc8 1-0

[Event "Tel-12 Tornado (August)"]
[Site "Southfield, Mich."]
[Date "1985.08.24"]
[Round "4"]
[White "Wygrecki, John"]
[Black "Moody, David"]
[Result "1-0"]
[WhiteElo "2149"]
[BlackElo "2015"]
[PlyCount "31"]
[EventDate "1985.08.24"]

1. Nf3 Nf6 2. d4 g6 3. g3 Bg7 4. Bg2 O-O 5. c4 c5 6. O-O d6 7. b3 Nc6 8. Bb2
Bg4 9. d5 Bxf3 10. Bxf3 Ne5 11. Bg2 a6 12. Nc3 Qa5 13. a4 Qb4 14. Qc2 Nfd7 15.
Nd1 b5 16. Bc3 1-0

[Event "Tel-12 Tornado (August)"]
[Site "Southfield, Mich."]
[Date "1985.08.24"]
[Round "3"]
[White "Riseman, James"]
[Black "Moody, David"]
[Result "0-1"]
[WhiteElo "1633"]
[BlackElo "2015"]
[PlyCount "50"]
[EventDate "1985.08.24"]

1. e4 e5 2. f4 exf4 3. Nf3 d6 4. d4 g5 5. h4 g4 6. Ng1 Bh6 7. Ne2 Qf6 8. Nbc3
f3 9. Ng3 f2+ 10. Ke2 Nc6 11. Nd5 Nxd4+ 12. Kd3 Qe5 13. Nxc7+ Kd8 14. Bxh6
Qxg3+ 15. Be3 Kxc7 16. Kxd4 Qe5+ 17. Kd3 Nf6 18. Bd4 Qxe4+ 19. Kc3 Nd5+ 20. Kb3
Be6 21. c4 Ne3 22. Qd2 Nc2 23. Rc1 Nxd4+ 24. Ka3 Qe1 25. Qa5+ Qxa5# 0-1

[Event "Tel-12 Tornado (August)"]
[Site "Southfield, Mich."]
[Date "1985.08.24"]
[Round "1"]
[White "Ball, Ed"]
[Black "Moody, David"]
[Result "1-0"]
[WhiteElo "1408"]
[BlackElo "2015"]
[PlyCount "41"]
[EventDate "1985.08.24"]

1. e4 e5 2. Nf3 Nc6 3. Bb5 a6 4. Ba4 Nf6 5. O-O Be7 6. Re1 b5 7. Bb3 O-O 8. c3
d5 9. exd5 Nxd5 10. h3 Bb7 11. d4 exd4 12. Nxd4 Bc5 13. Nf3 Qd6 14. Qxd5 Nd4
15. Qxd6 Nxf3+ 16. gxf3 cxd6 17. Kg2 Rae8 18. Be3 Re5 19. Nd2 Rfe8 20. Nf1 Rf5
21. Bxc5 1-0

[Event "OCC Tornado (September)"]
[Site "Auburn Hills, Mich."]
[Date "1985.09.14"]
[Round "2"]
[White "Van Loon, Cliff"]
[Black "Moody, David"]
[Result "0-1"]
[WhiteElo "1743"]
[BlackElo "2064"]
[PlyCount "58"]
[EventDate "1985.09.14"]

1. c4 e5 2. Nc3 Nc6 3. e3 g6 4. d4 exd4 5. exd4 Bg7 6. Nf3 Nge7 7. d5 Na5 8.
Be2 O-O 9. Qc2 b6 10. b4 Nb7 11. Bb2 d6 12. Ne4 Bf5 13. Bxg7 Bxe4 14. Qxe4 Kxg7
15. O-O Nf5 16. Qd3 Qf6 17. Rfd1 a5 18. Qb3 axb4 19. Qxb4 Nc5 20. a4 Ra5 21.
Ra2 Rfa8 22. Rda1 Nd4 23. Nxd4 Qxd4 24. g3 Ne4 25. Bf3 Rxa4 26. Rxa4 Rxa4 27.
Qxa4 Qxf2+ 28. Kh1 Qxf3+ 29. Kg1 Nc3 0-1

[Event "OCC Tornado (September)"]
[Site "Auburn Hills, Mich."]
[Date "1985.09.14"]
[Round "2"]
[White "Moody, David"]
[Black "Perez, Victor"]
[Result "1-0"]
[WhiteElo "2064"]
[BlackElo "1140"]
[PlyCount "29"]
[EventDate "1985.09.14"]

1. e4 e5 2. Nf3 Nc6 3. d4 f6 4. Bc4 d6 5. Nc3 Bg4 6. dxe5 dxe5 7. Be3 Bxf3 8.
Qxf3 Bb4 9. O-O Bxc3 10. bxc3 Qd6 11. Rad1 Qa3 12. Qh5+ g6 13. Qg4 Nh6 14. Bxh6
Qxc3 15. Qd7# 1-0

[Event "OCC Tornado (September)"]
[Site "Auburn Hills, Mich."]
[Date "1985.09.14"]
[Round "4"]
[White "Moody, David"]
[Black "Garth, Keith"]
[Result "0-1"]
[WhiteElo "2064"]
[BlackElo "1695"]
[PlyCount "34"]
[EventDate "1985.09.14"]

1. e4 e6 2. d4 d5 3. Nc3 b6 4. e5 Qd7 5. Nf3 Bb7 6. Ne2 c5 7. c3 Ba6 8. g3 Nc6
9. Bh3 Nge7 10. O-O Ng6 11. Bg5 h6 12. Bh4 Rg8 13. g4 Bxe2 14. Qxe2 Nf4 15. Qc2
Nxh3+ 16. Kh1 g5 17. Bg3 Rg7 0-1

[Event "OCC Tornado (September)"]
[Site "Auburn Hills, Mich."]
[Date "1985.09.14"]
[Round "3"]
[White "Moody, David"]
[Black "Finegold, Ben"]
[Result "0-1"]
[WhiteElo "2064"]
[BlackElo "2310"]
[PlyCount "59"]
[EventDate "1985.09.14"]

1. e4 e6 2. d4 d5 3. Nc3 Bb4 4. e5 c5 5. a3 Bxc3+ 6. bxc3 Ne7 7. Nf3 Bd7 8. a4
Qa5 9. Bd2 Nbc6 10. Bb5 a6 11. c4 Qc7 12. Bxc6 Qxc6 13. Qe2 cxd4 14. cxd5 Qxd5
15. O-O Rc8 16. Bb4 Qc4 17. Qxc4 Rxc4 18. Bxe7 Kxe7 19. Rfd1 Rxa4 20. Rxa4 Bxa4
21. Rxd4 Bxc2 22. Rc4 Rd8 23. h3 Bd3 24. Rb4 b5 25. Nd4 Rc8 26. Rb3 Be4 27. Ra3
Bb7 28. f3 Rc4 29. Ne2 Rc5 30. f4 0-1

[Event "Trenton Quads (September)"]
[Site "Trenton, Mich."]
[Date "1985.09.15"]
[Round "1"]
[White "Moody, David"]
[Black "Williams, Edward"]
[Result "0-1"]
[WhiteElo "2064"]
[BlackElo "1879"]
[PlyCount "81"]
[EventDate "1985.09.15"]

1. e4 Nf6 2. e5 Nd5 3. c4 Nb6 4. d4 d6 5. f4 Bf5 6. Nc3 Nc6 7. Be3 e6 8. Nf3
Be7 9. d5 exd5 10. cxd5 Nb4 11. Nd4 Bd7 12. e6 fxe6 13. dxe6 Bc6 14. a3 Bh4+
15. g3 Bxh1 16. axb4 O-O 17. Qh5 Bf6 18. Bd3 g6 19. Bxg6 hxg6 20. Qxg6+ Bg7 21.
O-O-O Nd5 22. Nxd5 Bxd5 23. Nf5 Qf6 24. Qxf6 Rxf6 25. Ne7+ Kf8 26. Nxd5 Rxe6
27. f5 Re5 28. g4 Kf7 29. Bf4 Re4 30. g5 Be5 31. g6+ Kg7 32. Bxe5+ Rxe5 33. f6+
Kxg6 34. Rg1+ Kf7 35. Rg7+ Ke6 36. f7 Rf8 37. Nxc7+ Kf6 38. Ne8+ Rexe8 39.
fxe8=Q Rxe8 40. Rxb7 Rh8 41. Rxa7 0-1

[Event "Trenton Quads (September)"]
[Site "Trenton, Mich."]
[Date "1985.09.15"]
[Round "2"]
[White "Moody, David"]
[Black "Jackson, James"]
[Result "1/2-1/2"]
[WhiteElo "2064"]
[BlackElo "1920"]
[PlyCount "48"]
[EventDate "1985.09.15"]

1. e4 c5 2. Nf3 d6 3. Bb5+ Bd7 4. Bxd7+ Qxd7 5. c4 Nc6 6. O-O Nf6 7. Nc3 g6 8.
d4 cxd4 9. Nxd4 Bg7 10. Re1 O-O 11. f3 Ne5 12. b3 a6 13. Bb2 Qc7 14. Kh1 Qb6
15. Na4 Qa7 16. Nc2 Ned7 17. Bd4 Qb8 18. Nc3 Qc7 19. Nd5 Nxd5 20. Bxg7 Kxg7 21.
exd5 Nf6 22. Qd4 Rfe8 23. Re2 Rac8 24. Rae1 Kg8 1/2-1/2

[Event "Trenton Quads (September)"]
[Site "Trenton, Mich."]
[Date "1985.09.15"]
[Round "3"]
[White "Bautista, Lester"]
[Black "Moody, David"]
[Result "1-0"]
[WhiteElo "1880"]
[BlackElo "2064"]
[PlyCount "37"]
[EventDate "1985.09.15"]

1. c4 e5 2. Nc3 Nc6 3. g3 g6 4. Bg2 Bg7 5. e3 Nge7 6. Nge2 d6 7. O-O O-O 8. a3
f5 9. d4 f4 10. exf4 exd4 11. Nd5 Nf5 12. Nb4 Na5 13. Nd3 Be6 14. b3 c5 15. Bd2
Rb8 16. a4 a6 17. Nec1 Ne7 18. Re1 Bf7 19. Bxa5 1-0

[Event "Ann Arbor Masters/Experts"]
[Site "Ann Arbor, Mich."]
[Date "1985.10.05"]
[Round "2"]
[White "Moody, David"]
[Black "Kulbacki, Jim"]
[Result "1/2-1/2"]
[WhiteElo "2064"]
[BlackElo "2037"]
[PlyCount "34"]
[EventDate "1985.10.05"]

1. Nc3 d5 2. e4 c6 3. d4 dxe4 4. Nxe4 Bf5 5. Ng3 Bg6 6. Nf3 Nd7 7. h4 h6 8. h5
Bh7 9. Bd3 Bxd3 10. Qxd3 Qc7 11. Bd2 e6 12. O-O-O O-O-O 13. Kb1 Ngf6 14. Qe2
Bd6 15. Ne4 Nxe4 16. Qxe4 e5 17. Bc3 exd4 1/2-1/2

[Event "Ann Arbor Masters/Experts"]
[Site "Ann Arbor, Mich."]
[Date "1985.10.05"]
[Round "1"]
[White "Avery, Robert"]
[Black "Moody, David"]
[Result "1-0"]
[WhiteElo "2153"]
[BlackElo "2064"]
[PlyCount "65"]
[EventDate "1985.10.05"]

1. d4 Nf6 2. c4 c5 3. d5 e6 4. Nc3 exd5 5. cxd5 d6 6. e4 g6 7. f4 Bg7 8. Bb5+
Nfd7 9. a4 O-O 10. Nf3 Na6 11. O-O Nc7 12. Bc4 a6 13. Re1 Re8 14. Qd3 b5 15.
axb5 Nb6 16. bxa6 Nxc4 17. Qxc4 Bxa6 18. Qb3 Bd3 19. Rxa8 Qxa8 20. Qb6 Bxc3 21.
bxc3 Bxe4 22. Rxe4 Rxe4 23. Qxc7 Qxd5 24. Bd2 Re2 25. Qb8+ Kg7 26. Qb2 c4 27.
f5 Qd3 28. fxg6 hxg6 29. h3 d5 30. Qc1 Kg8 31. Qb2 d4 32. cxd4 Kh8 33. d5+ 1-0

[Event "Ann Arbor Masters/Experts"]
[Site "Ann Arbor, Mich."]
[Date "1985.10.06"]
[Round "3"]
[White "Moody, David"]
[Black "Condon, Michael"]
[Result "1-0"]
[WhiteElo "2064"]
[BlackElo "2085"]
[PlyCount "95"]
[EventDate "1985.10.05"]

1. e4 c5 2. Nf3 Nc6 3. d4 cxd4 4. Nxd4 g6 5. c4 Bg7 6. Be3 Nf6 7. Nc3 Ng4 8.
Qxg4 Nxd4 9. Qd1 Ne6 10. Qd2 d6 11. Be2 Bd7 12. O-O O-O 13. Rad1 Bc6 14. Nd5
Re8 15. f4 Nc5 16. Bf3 e6 17. Nc3 Bxc3 18. Qxc3 Nxe4 19. Bxe4 Bxe4 20. Bd4 f5
21. Rfe1 Qc7 22. c5 d5 23. Be5 Qf7 24. h4 h6 25. Re3 Kh7 26. Rg3 Rg8 27. Kf2
Rac8 28. Rh1 Qd7 29. Rg5 Qb5 30. b4 Qd3 31. Qxd3 Bxd3 32. Rg3 Bc4 33. Ra3 a6
34. Ke3 Ra8 35. Kd4 Rgc8 36. Bd6 Kg8 37. Ke5 Kf7 38. h5 g5 39. fxg5 hxg5 40. h6
Kg6 41. Rah3 Rh8 42. h7 Rae8 43. Rh6+ Kf7 44. a3 Bd3 45. Kd4 Be4 46. R1h2 f4
47. Be5 Bf5 48. R2h5 1-0

[Event "Ann Arbor Masters/Experts"]
[Site "Ann Arbor, Mich."]
[Date "1985.10.06"]
[Round "4"]
[White "Koster, Ed"]
[Black "Moody, David"]
[Result "1-0"]
[WhiteElo "2103"]
[BlackElo "2064"]
[PlyCount "61"]
[EventDate "1985.10.05"]

1. e4 e5 2. Nf3 Nc6 3. Bb5 a6 4. Ba4 Nf6 5. O-O Be7 6. Re1 b5 7. Bb3 O-O 8. c3
d5 9. exd5 Nxd5 10. Nxe5 Nxe5 11. Rxe5 c6 12. Re1 Bd6 13. g3 Qd7 14. d3 Qh3 15.
Re4 Nf6 16. Rh4 Qf5 17. Bc2 g5 18. d4 Qd5 19. Bb3 Qf5 20. Bc2 Qd5 21. c4 bxc4
22. Nc3 Qa5 23. Rh6 Kg7 24. h4 Kxh6 25. hxg5+ Kg7 26. gxf6+ Kh8 27. d5 Rg8 28.
Qh5 Rg6 29. Bxg6 fxg6 30. Qh6 Qc7 31. Bf4 1-0

[Event "Bellis Underhill Memorial"]
[Site "Toledo, Ohio"]
[Date "1985.10.12"]
[Round "3"]
[White "Moody, David"]
[Black "Schmoldt, Jeff"]
[Result "1/2-1/2"]
[WhiteElo "2064"]
[BlackElo "1732"]
[PlyCount "44"]
[EventDate "1985.10.12"]

1. e4 c5 2. d4 cxd4 3. Nf3 Nc6 4. Nxd4 d6 5. Bc4 e6 6. Nc3 Nf6 7. Bg5 Be7 8.
Qd2 a6 9. O-O-O Nxd4 10. Qxd4 b5 11. e5 dxe5 12. Qxe5 Qb6 13. Bb3 Qb8 14. Qxb8
Rxb8 15. Rhe1 O-O 16. Ne4 Rb7 17. Nd6 Rc7 18. Bf4 Rd7 19. Nxc8 Rxc8 20. Rxd7
Nxd7 21. Rd1 Nc5 22. Bd6 Nxb3+ 1/2-1/2

[Event "Bellis Underhill Memorial"]
[Site "Toledo, Ohio"]
[Date "1985.10.12"]
[Round "1"]
[White "Moody, David"]
[Black "Carr, Alfred"]
[Result "1-0"]
[WhiteElo "2064"]
[BlackElo "1374"]
[PlyCount "47"]
[EventDate "1985.10.12"]

1. e4 c5 2. Nf3 Nc6 3. d4 e6 4. d5 exd5 5. exd5 Qe7+ 6. Be2 Na5 7. O-O d6 8.
Bb5+ Bd7 9. Re1 Bxb5 10. Rxe7+ Bxe7 11. c4 Bxc4 12. Qa4+ b5 13. Qxa5 Nf6 14.
Nc3 O-O 15. Nxb5 Bd8 16. Qa4 Bxd5 17. Nxd6 Bb6 18. Bg5 Ne8 19. Nf5 Nc7 20. Qg4
f6 21. Bxf6 Ne6 22. Ne7+ Kh8 23. Nxd5 Rf7 24. Qxe6 1-0

[Event "Bellis Underhill Memorial"]
[Site "Toledo, Ohio"]
[Date "1985.10.12"]
[Round "2"]
[White "Finegold, Ben"]
[Black "Moody, David"]
[Result "1-0"]
[WhiteElo "2310"]
[BlackElo "2064"]
[PlyCount "57"]
[EventDate "1985.10.12"]

1. d4 Nf6 2. c4 c5 3. Nf3 cxd4 4. Nxd4 e5 5. Nb5 d6 6. Bg5 Be6 7. Bxf6 gxf6 8.
N5a3 Qa5+ 9. Qd2 Qxd2+ 10. Kxd2 d5 11. cxd5 Bxd5 12. Nc3 Bb4 13. Nab5 Na6 14.
a3 Rd8 15. axb4 Bxg2+ 16. Ke3 Bxh1 17. f3 Nxb4 18. Rxa7 Rg8 19. Rxb7 Nc2+ 20.
Kf2 Nd4 21. Ne4 Rg6 22. Nbd6+ Kf8 23. Rxf7+ Kg8 24. Nxf6+ Rxf6 25. Rxf6 Kg7 26.
Ne4 Rb8 27. Rd6 Rxb2 28. Ng5 h6 29. Ne6+ 1-0

[Event "Bellis Underhill Memorial"]
[Site "Toledo, Ohio"]
[Date "1985.10.13"]
[Round "4"]
[White "Pokrzywa, John"]
[Black "Moody, David"]
[Result "1/2-1/2"]
[WhiteElo "1675"]
[BlackElo "2064"]
[PlyCount "84"]
[EventDate "1985.10.12"]

1. c4 e5 2. Nc3 Nc6 3. g3 f5 4. Bg2 Nf6 5. d3 Be7 6. Nf3 d6 7. a3 a5 8. b3 O-O
9. Bb2 Qe8 10. Nb5 Bd8 11. e3 e4 12. dxe4 fxe4 13. Nd2 Qg6 14. Nxe4 Nxe4 15.
Qd5+ Be6 16. Qxe4 Bf5 17. Qd5+ Be6 18. Qd2 a4 19. Nd4 Nxd4 20. Bxd4 axb3 21.
Bxb7 Rb8 22. Bd5 Bxd5 23. cxd5 Qe4 24. O-O Qxd5 25. Qb2 Bf6 26. Rfd1 Bxd4 27.
Rxd4 Qe5 28. Rd2 Qxb2 29. Rxb2 c5 30. Rc1 Rfc8 31. Kf1 c4 32. Ke2 c3 33. Rbb1
b2 34. Rc2 Rb3 35. a4 Ra3 36. Rbxb2 Rc4 37. Rb1 Raxa4 38. Rbc1 Kf7 39. Kd3 d5
40. Rxc3 Ra2 41. R1c2 Rxc3+ 42. Kxc3 Ra4 1/2-1/2

[Event "Bellis Underhill Memorial"]
[Site "Toledo, Ohio"]
[Date "1985.10.13"]
[Round "5"]
[White "Moody, David"]
[Black "Flynn, Jeff"]
[Result "1-0"]
[WhiteElo "2064"]
[BlackElo "1734"]
[PlyCount "53"]
[EventDate "1985.10.12"]

1. e4 c6 2. Nc3 d5 3. Nf3 dxe4 4. Nxe4 Nf6 5. Nxf6+ gxf6 6. d4 Bf5 7. Bd3 Bxd3
8. Qxd3 Nd7 9. Bf4 Qa5+ 10. Bd2 Qc7 11. O-O-O O-O-O 12. Rhe1 e6 13. Kb1 c5 14.
c4 cxd4 15. Qxd4 Bc5 16. Qh4 Bd6 17. Nd4 Ne5 18. Nb5 Qb6 19. Nxd6+ Rxd6 20. c5
Qb5 21. cxd6 Nd3 22. Qxf6 Rd8 23. Rc1+ Nc5 24. Rxc5+ Qxc5 25. Rc1 Qxc1+ 26.
Kxc1 Rxd6 27. Qxf7 1-0

[Event "Michigan Masters/Experts Championship"]
[Site "Westland, Mich."]
[Date "1985.10.26"]
[Round "1"]
[White "Moody, David"]
[Black "Petranovich, John"]
[Result "1/2-1/2"]
[WhiteElo "2064"]
[BlackElo "2170"]
[PlyCount "75"]
[EventDate "1985.10.26"]

1. e4 e6 2. d4 d5 3. Nc3 Bb4 4. e5 Qd7 5. Qg4 Bf8 6. Nf3 b6 7. Be2 Ba6 8. O-O
Ne7 9. Be3 Nf5 10. Nd2 c5 11. Nb3 Bxe2 12. Nxe2 Nc6 13. c3 c4 14. Nd2 a5 15. a4
h6 16. Ng3 g6 17. Nb1 Na7 18. Nd2 b5 19. Rfb1 b4 20. Qf3 Nc6 21. Ndf1 b3 22. h3
Be7 23. Ne2 h5 24. Nh2 O-O-O 25. Kf1 Rdf8 26. Ke1 Bd8 27. Kd2 Nce7 28. Bg5 Ng8
29. Bxd8 Qxd8 30. Nf1 Ngh6 31. Ne3 f6 32. Nf4 Qe8 33. Nxc4 dxc4 34. Qa8+ Kd7
35. Qb7+ Kd8 36. Qb8+ Kd7 37. Qb7+ Kd8 38. Qb8+ 1/2-1/2

[Event "Michigan Masters/Experts Championship"]
[Site "Westland, Mich."]
[Date "1985.10.26"]
[Round "2"]
[White "Moody, David"]
[Black "Hahn, David"]
[Result "0-1"]
[WhiteElo "2064"]
[BlackElo "2125"]
[PlyCount "76"]
[EventDate "1985.10.26"]

1. e4 g6 2. d4 Bg7 3. Nf3 d6 4. Bc4 Nf6 5. Qe2 c6 6. Bg5 e5 7. dxe5 dxe5 8. Nc3
Qc7 9. O-O-O O-O 10. Be3 b5 11. Bb3 a5 12. Bc5 a4 13. Bd6 Qb7 14. Bxf8 Bxf8 15.
Bxf7+ Qxf7 16. Nxe5 Qe6 17. f4 b4 18. Nb1 Ba6 19. Qe3 Nbd7 20. Nxd7 Nxd7 21. f5
gxf5 22. Qg5+ Kh8 23. exf5 Bh6 24. fxe6 Bxg5+ 25. Nd2 b3 26. Kb1 Nc5 27. Rhe1
bxc2+ 28. Kxc2 Bd3+ 29. Kc3 Bf6+ 30. Kb4 Be7 31. Kc3 Bf6+ 32. Kb4 Na6+ 33. Ka5
Bd8+ 34. Kxa4 Bc2+ 35. Nb3 Bxd1 36. Rxd1 Nc5+ 37. Kb4 Nxe6 38. Nd4 c5+ 0-1

[Event "Michigan Masters/Experts Championship"]
[Site "Westland, Mich."]
[Date "1985.10.27"]
[Round "3"]
[White "Baudry, Pascal"]
[Black "Moody, David"]
[Result "0-1"]
[WhiteElo "2033"]
[BlackElo "2064"]
[PlyCount "76"]
[EventDate "1985.10.26"]

1. e3 f5 2. f4 Nf6 3. b3 b6 4. Bb2 e6 5. Be2 Bb7 6. Bf3 d5 7. Nh3 Bd6 8. c4 O-O
9. O-O Nbd7 10. Qc2 Nc5 11. Nc3 dxc4 12. Bxb7 cxb3 13. axb3 Nxb7 14. e4 Bc5+
15. Kh1 Ng4 16. d4 Ne3 17. Qe2 Qxd4 18. Ra4 Qd7 19. Rfa1 a5 20. b4 Bd4 21. bxa5
Rxa5 22. Rxa5 Nxa5 23. Ng5 Nac4 24. Nf3 Nxb2 25. Nxd4 Qxd4 26. Qxb2 Rd8 27. Qb3
Rd6 28. exf5 Nd1 29. Rxd1 Qxc3 30. Qa4 Qc6 31. Qb3 Rxd1+ 32. Qxd1 exf5 33. Qb3+
Kf8 34. h3 Qc1+ 35. Kh2 Qxf4+ 36. Kg1 Qc1+ 37. Kf2 f4 38. Qb4+ Qc5+ 0-1

[Event "Michigan Masters/Experts Championship"]
[Site "Westland, Mich."]
[Date "1985.10.27"]
[Round "4"]
[White "Bassin, Charles"]
[Black "Moody, David"]
[Result "1/2-1/2"]
[WhiteElo "2122"]
[BlackElo "2064"]
[PlyCount "99"]
[EventDate "1985.10.26"]

1. Nf3 Nf6 2. d4 g6 3. Nc3 Bg7 4. e4 d6 5. Be2 O-O 6. O-O c6 7. a4 Qc7 8. h3
Nbd7 9. Be3 a6 10. Nh2 c5 11. d5 Rb8 12. f4 c4 13. Ng4 b5 14. axb5 axb5 15. Ra7
Qd8 16. Nxf6+ Bxf6 17. Bd4 Bxd4+ 18. Qxd4 Nc5 19. h4 Re8 20. h5 Qb6 21. Raa1 b4
22. Nd1 Nxe4 23. Qxb6 Rxb6 24. Ne3 Ng3 25. Rfe1 Nxe2+ 26. Rxe2 Ba6 27. hxg6
hxg6 28. Ree1 Rc8 29. Kf2 Rc5 30. Red1 Bb7 31. Rd4 Ra6 32. Rxa6 Bxa6 33. g3 Kf8
34. Rd1 Ra5 35. Rd4 Ra2 36. Nd1 Ke8 37. Ke1 Kd7 38. Kd2 e6 39. Kc1 Ra1+ 40. Kd2
Ra2 41. Kc1 e5 42. fxe5 dxe5 43. Rh4 Kd6 44. Kb1 Ra5 45. Ne3 Rc5 46. Rh7 Rc7
47. Rh4 f5 48. Rh6 f4 49. Rxg6+ Kc5 50. gxf4 1/2-1/2

[Event "Frank J. Marshall Open"]
[Site "Dearborn, Mich."]
[Date "1985.11.02"]
[Round "1"]
[White "Walters, Geoff"]
[Black "Moody, David"]
[Result "0-1"]
[WhiteElo "1565"]
[BlackElo "2012"]
[PlyCount "84"]
[EventDate "1985.11.02"]

1. c4 e5 2. Nc3 Nc6 3. e4 Bc5 4. Nf3 d6 5. h3 f5 6. exf5 Bxf5 7. g4 Bg6 8. d3
Nf6 9. Bg5 O-O 10. Nd5 Qd7 11. Nxf6+ gxf6 12. Bh6 Rfe8 13. Be3 e4 14. d4 exf3
15. dxc5 Nb4 16. Rc1 Nxa2 17. cxd6 Nxc1 18. Qxc1 Qxd6 19. c5 Rxe3+ 20. Qxe3 Qd5
21. b3 Qc6 22. Bc4+ Kh8 23. O-O Re8 24. Qd4 Re5 25. Rd1 Qe8 26. Kf1 Kg7 27.
Qd7+ Kh6 28. Qxc7 Bc2 29. Rc1 Qg6 30. Qd6 Be4 31. Qd2+ Kg7 32. Qd7+ Kh6 33. Rd1
Qg5 34. Qd6 Qh4 35. Qf8+ Kg5 36. Ke1 Bg6+ 37. Kd2 Qxf2+ 38. Kc3 Qc2+ 39. Kb4
Qxd1 40. h4+ Kxg4 41. Qxf6 Qe1+ 42. Kb5 Be8+ 0-1

[Event "Frank J. Marshall Open"]
[Site "Dearborn, Mich."]
[Date "1985.11.02"]
[Round "2"]
[White "Moody, David"]
[Black "Quigley, Larry"]
[Result "1-0"]
[WhiteElo "2012"]
[BlackElo "2258"]
[PlyCount "67"]
[EventDate "1985.11.02"]

1. e4 c5 2. Nf3 e6 3. d4 cxd4 4. Nxd4 Nf6 5. Nc3 d6 6. g4 h6 7. h4 Nc6 8. g5
hxg5 9. Bxg5 Qb6 10. Ndb5 a6 11. Be3 Qd8 12. Nd4 Qc7 13. Bg2 Bd7 14. Qe2 b5 15.
f4 b4 16. Nd1 Nh5 17. Qf2 e5 18. Nxc6 Bxc6 19. fxe5 dxe5 20. Bc5 Bb7 21. Bxf8
Kxf8 22. Ne3 Rd8 23. Nd5 Bxd5 24. exd5 Qc4 25. Qb6 Rc8 26. Qd6+ Kg8 27. Qxe5
Qxc2 28. O-O Nf6 29. Rac1 Qxc1 30. Rxc1 Rxc1+ 31. Bf1 Rxh4 32. Qb8+ Kh7 33. Kf2
Rh2+ 34. Qxh2+ 1-0

[Event "Frank J. Marshall Open"]
[Site "Dearborn, Mich."]
[Date "1985.11.02"]
[Round "3"]
[White "Finegold, Ben"]
[Black "Moody, David"]
[Result "1-0"]
[WhiteElo "2334"]
[BlackElo "2012"]
[PlyCount "61"]
[EventDate "1985.11.02"]

1. d4 Nf6 2. c4 c5 3. Nf3 g6 4. e3 Bg7 5. Nc3 O-O 6. Be2 b6 7. O-O Bb7 8. Qc2
d6 9. a3 Nbd7 10. Rd1 Rc8 11. d5 Qc7 12. e4 Ne5 13. Nxe5 dxe5 14. b4 Ne8 15.
Be3 Nd6 16. bxc5 bxc5 17. Rab1 f5 18. f3 Ba6 19. Qa4 Rf6 20. Bg5 Bb7 21. Bxf6
Bxf6 22. Qxa7 Ra8 23. Qb6 Qxb6 24. Rxb6 Rxa3 25. Nb5 Nxb5 26. cxb5 Ba8 27. Rb8+
Kg7 28. b6 Ra2 29. Bf1 fxe4 30. fxe4 Ra4 31. b7 1-0

[Event "Frank J. Marshall Open"]
[Site "Dearborn, Mich."]
[Date "1985.11.03"]
[Round "4"]
[White "Moody, David"]
[Black "Goldman, Steven"]
[Result "1-0"]
[WhiteElo "2012"]
[BlackElo "1832"]
[PlyCount "47"]
[EventDate "1985.11.02"]

1. e4 e5 2. Nf3 Nc6 3. d4 exd4 4. Bc4 h6 5. O-O Bc5 6. c3 dxc3 7. Bxf7+ Kxf7 8.
Qd5+ Kf8 9. Qxc5+ d6 10. Qxc3 Qf6 11. Qb3 Rb8 12. Nc3 Nge7 13. Be3 a6 14. Rac1
Ne5 15. Nxe5 Qxe5 16. f4 Qe6 17. Qd1 Ke8 18. f5 Qf7 19. Ba7 Ra8 20. Bd4 Bd7 21.
f6 gxf6 22. Rxf6 Qh7 23. Qh5+ Kd8 24. Rf7 1-0

[Event "Frank J. Marshall Open"]
[Site "Dearborn, Mich."]
[Date "1985.11.03"]
[Round "5"]
[White "Bath, John"]
[Black "Moody, David"]
[Result "1-0"]
[WhiteElo "2136"]
[BlackElo "2012"]
[PlyCount "71"]
[EventDate "1985.11.02"]

1. d4 Nf6 2. c4 c5 3. e3 g6 4. Nc3 Bg7 5. Nf3 O-O 6. Be2 b6 7. O-O d6 8. Qc2
Bb7 9. d5 Nbd7 10. h3 a6 11. a4 e6 12. e4 exd5 13. exd5 Re8 14. Re1 Bc8 15. Bd2
Ra7 16. Bd3 Nh5 17. Rxe8+ Qxe8 18. Ne4 Qf8 19. Rb1 Ne5 20. Nxe5 Bxe5 21. b4 Bd7
22. a5 Qc8 23. axb6 Rb7 24. bxc5 dxc5 25. Bf1 Nf4 26. Bxf4 Bxf4 27. Nf6+ Kg7
28. Qc3 Kh6 29. Nxd7 Qxd7 30. Qa5 Bb8 31. Qxc5 Qd6 32. Qe3+ g5 33. g3 Re7 34.
Qd4 Qg6 35. Bd3 Qh5 36. Qf6+ 1-0

[Event "WMU Fall Open"]
[Site "Kalamazoo, Mich."]
[Date "1985.11.16"]
[Round "3"]
[White "Moody, David"]
[Black "Johnson, Krik"]
[Result "1-0"]
[WhiteElo "2012"]
[BlackElo "1721"]
[PlyCount "67"]
[EventDate "1985.11.16"]

1. e4 d6 2. Nf3 Nf6 3. c3 Nbd7 4. Bd3 e5 5. Bc2 Be7 6. O-O O-O 7. d4 Re8 8. Re1
c6 9. Bb3 h6 10. Nbd2 Qc7 11. Nf1 Nf8 12. h3 Ng6 13. g4 Bf8 14. Ng3 Nf4 15. Kh2
g6 16. Be3 Bg7 17. Qd2 g5 18. Rg1 Nh7 19. Rae1 Nf8 20. Bxf4 exf4 21. Nf5 Bxf5
22. gxf5 Nh7 23. h4 Qe7 24. e5 dxe5 25. dxe5 Rad8 26. Qe2 Kh8 27. hxg5 hxg5 28.
Nxg5 Nxg5 29. Qh5+ Nh7 30. Rxg7 Kxg7 31. f6+ Nxf6 32. Qg5+ Kh7 33. exf6 Qf8 34.
Bc2+ 1-0